[Event "BCF-chT2 2223 (4NCL)"]
[Site "England"]
[Date "2022.10.23"]
[Round "2.46"]
[White "White, Stuart A"]
[Black "Savidge, Daniel"]
[Result "1/2-1/2"]
[WhiteElo "2051"]
[BlackElo "2138"]
[PlyCount "37"]
[EventDate "2022.10.22"]
[EventType "team-tourn"]
[EventRounds "11"]
[EventCountry "ENG"]
[SourceTitle "EXT 2024"]
[Source "ChessBase"]
[SourceDate "2023.10.10"]
[SourceVersion "1"]
[SourceVersionDate "2023.10.10"]
[SourceQuality "1"]
[WhiteTeam "Alba"]
[BlackTeam "Spirit of Atticus"]
[WhiteTeamCountry "ENG"]
[BlackTeamCountry "ENG"]

1. d4 f5 2. g3 Nf6 3. Bg2 g6 4. Nf3 Bg7 5. 0-0 d6 6. c4 0-0 7. Nc3 Qe8 8. b3 Na6 9. Ba3 c5 10. Bb2 Bd7 11. Re1 cxd4 12. Nxd4 Nc5 13. Nd5 Rc8 14. Rc1 Qf7 15. Ba3 Ng4 16. h3 Ne5 17. f4 Nc6 18. e3 Rfd8 19. Nb5 1/2-1/2

[Event "BCF-chT3Na 1516 (4NCL)"]
[Site "England"]
[Date "2016.02.14"]
[Round "6.89"]
[White "Savidge, Daniel"]
[Black "Manton, Jacob"]
[Result "1-0"]
[WhiteElo "1900"]
[BlackElo "1960"]
[PlyCount "51"]
[EventDate "2015.11.14"]
[EventType "team-swiss"]
[EventRounds "7"]
[EventCountry "ENG"]
[SourceTitle "EXT 2017"]
[Source "ChessBase"]
[SourceDate "2016.10.25"]
[SourceVersion "1"]
[SourceVersionDate "2016.10.25"]
[SourceQuality "1"]
[WhiteTeam "Spirit of Atticus III"]
[BlackTeam "3CS Oldham II"]
[WhiteTeamCountry "ENG"]
[BlackTeamCountry "ENG"]

1. e4 e6 2. d4 d5 3. e5 c5 4. c3 Nc6 5. Nf3 Bd7 6. Bd3 Qb6 7. 0-0 cxd4 8. cxd4 Nxd4 9. Nbd2 Bc5 10. b4 Nxf3+ 11. Nxf3 Qxb4 12. Qe2 Qb6 13. Rb1 Qc7 14. Bg5 Rc8 15. Rfc1 Qb8 16. Bb5 Be7 17. Bxd7+ Kxd7 18. Qb5+ Kd8 19. Rxc8+ Qxc8 20. Qxb7 Qxb7 21. Rxb7 f6 22. Be3 Kc8 23. Rxa7 Kb8 24. g3 Bf8 25. Rf7 fxe5 26. Rxf8+ 1-0